| 000 | 00738nam a2200241Ia 4500 | ||
|---|---|---|---|
| 005 | 20220317000516.0 | ||
| 008 | 160601s2004 sp a g 000 0 spa | ||
| 020 | _a8434217805 | ||
| 082 | 0 | 4 |
_a751.494 _bS15a |
| 100 | 1 | _aSanmiguel, David | |
| 245 | 1 | 0 |
_aAerógrafo _credacción David Sanmiguel |
| 250 | _a3a. edición | ||
| 300 |
_a96 páginas _bilustraciones _c22 cm |
||
| 650 | 1 | 4 |
_2LEMB _aAerografía |
| 650 | 1 | 4 |
_2LEMB _aPintura _xTécnica |
| 650 | 1 | 4 |
_2LEMB _aAerografía _xAparatos e instrumentos |
| 942 |
_2ddc _cBK |
||
| 264 |
_aBarcelona _bParramón _c2004 |
||
| 336 |
_atexto _btxt _2rdacontent |
||
| 337 |
_asin mediación _bn _2rdamedia |
||
| 338 |
_avolumen _bnc _2rdacarrier |
||
| 040 |
_aCO-BoRNBP _bspa _erda _cCO-BoRNBP |
||
| 999 |
_c4243 _d4243 |
||